00224nam a2200097Ia 4500020001900000100002400019245001700043942000800060008004100068999001700109 a9780192739858" aHUNT RODERICK91171 0aSILLY RACES! cBK 210805s9999 xx 000 0 und d c52772d52771